000 00810nam a22002057a 4500
999 _c1225
_d1225
003 AR-CdUCM
008 190226b ||||| |||| 00| 0 spa d
040 _aMUNICIPALIDAD PROVINCIAL DEL CUSCO
_cBIBLIOTECA MUNICIPAL DEL CUSCO
082 _a329.1 /
_bR32
100 _aRebaza Acosta, Alfredo
_94782
245 _aHistoria de la revolución de Trujillo /
260 _aTrujillo ;
_c1989
300 _a197 páginas ;
_bfotografías.
_c20 cm.
505 _aAntecedentes de la revolución -- El episodio principal de la revolución de Trujillo -- La rendición de la prefectura -- Disposiciones de la prefectura revolucionaria...
650 _aHistoria de Trujillo.
_94783
650 _aRevolución de trujillo.
_94784
650 _aCombate de Floresta.
_94785
942 _2ddc
_cLIBROS
945 _awfj
_d2019-0-26